01604nam a2200205Ia 4500999001500000020001800015082002300033245005100056260003700107300001500144504002600159520093800185650002401123650002601147650002301173650004601196700001701242942001201259952012701271 c9329d9329 a9788131609088 a355.33041019bMIL- 0aMilitary psychology and leadership development aJaipurbRawat Publicationsc2017 axxii, 329p aincludes contributors aThis book offers a good understanding of various concepts in the field of military psychology and leadership development, be it in the context of hardiness as a construct in the human resource cycle, the use of coping resources, and the development and management of extreme forms of unwanted stress. Other interesting themes included here cover concepts of altruism, emotional intelligence, disaster management, leadership development and motivation, human factor engineering in operations, the psychology of warfare, and diplomatic psychology. A very interesting, yet overlooked topic, is the role of military families in the Armed Forces, which brings to light the contribution and sacrifices being made by this neglected population-the military spouse. The book is designed, not only for psychology students and practitioners but also for leaders seeking knowledge in the field of military psychology and leadership development.  aMilitary Psychology aDiplomatic Psychology aLeadershipvEthics aDisaster managementvPsychological Stress aRawat, Samir cBK2ddc 00104070aNASSDOCbNASSDOCd2018-03-26eOPi2018-02-28l0o355.33041019 MIL-p49861r2019-04-18 00:00:00w2019-04-18yBK